| 000 | 00866nam a22002537a 4500 | ||
|---|---|---|---|
| 001 | BR8007016 | ||
| 003 | BR-BrBNA | ||
| 005 | 20230928090821.0 | ||
| 007 | ta | ||
| 008 | 230509b bl.||||| |||| 00| 0 por d | ||
| 040 |
_aBR-BrBNA _bpor _cBiblioteca Nacional de Agricultura |
||
| 041 | _a(Por) | ||
| 072 |
_aE15; C00 _b/G514 |
||
| 090 | _ E15 BR8007016 | ||
| 110 | 1 |
_aEmpresa de Assistencia Tecnica e Extensao Rural de Santa Catarina, Florianopolis (Brasil); _93993 |
|
| 110 | 1 |
_aAssociacao de Credito e Assistencia Rural do Estado de Santa Catarina, Florianopolis (Brasil) _9468 |
|
| 245 | 1 | _aCredito rural educativo: analise do programa de 1979 [Santa Catarina, Brasil] | |
| 260 | 3 |
_aFlorianopolis, SC (Brasil): _c1980. |
|
| 300 | _a41 p. | ||
| 650 | _aCREDITO AGRICOLA | ||
| 650 | _aSANTA CATARINA | ||
| 909 |
_a202309 _bLucia _c55 _dLucia Elande |
||
| 942 | _cBK | ||
| 999 |
_c30699 _d30699 |
||